Would You Rather? Quiz Stats

 Plays Quiz not verified by Sporcle

Score 0/3 Timer 00:30
0 Plays Today
Question Answer Wrong Answers
Would You Rather? Drink Hot Sause (After You Get Water)
75.1%
Get Arrested
8%
Kill Your mom
3.1%
Have Sharp Spiky Poop
7.2%
Would You Rather? Have No Youtube
57.4%
Have No Internet
6.8%
Have No Home
3.3%
Live In the Ocean
21.2%
Would You Rather? Have No Dad
42.4%
Eat Poop
2.5%
Drink Pee
16.7%
Be Small as an ant
24.7%

You're not logged in!

Compare scores with friends on all Sporcle quizzes.
Join for Free
OR
Log In

You Might Also Like...

Show Comments

Extras

Created Jan 20, 2017ReportNominate
Tags:rather

Top Quizzes Today


Score Distribution

Your Account Isn't Verified!

In order to create a playlist on Sporcle, you need to verify the email address you used during registration. Go to your Sporcle Settings to finish the process.

Report this User

Report this user for behavior that violates our Community Guidelines.

Details: